| 000 | 00921nam0a22002651 4500 | ||
|---|---|---|---|
| 001 | rc\4554339 | ||
| 005 | 20250611193654.0 | ||
| 021 |
_aRU _bРг3513-61 |
||
| 035 | _a(NLR Aleph) 008365674 | ||
| 090 |
_a9026224 _c9026224 |
||
| 100 | _a20130416d1960 |||y0rusy50 ca | ||
| 101 | 0 | _arus | |
| 102 | _aRU | ||
| 105 | _aa z ||||| | ||
| 200 | 1 |
_aГорелка для сварки на пропан-бутане _fСвердл. совнархоз. ЦБТИ |
|
| 210 |
_aСвердловск _cБ. и. _d1960 |
||
| 215 |
_a[4] с. _cчерт. _d20 |
||
| 225 | 1 | _aОбмен производственным опытом | |
| 700 | 1 |
_4070 _7ca _8rus _aЛазарев _bА. А. _cканд. техн. наук _f1914-2012 _gАнатолий Абрамович _9259270 _3RU\NLR\AUTH\770259326 |
|
| 801 | 0 |
_aRU _bNLR _gpsbo |
|
| 801 | 1 |
_aRU _bELAR _2rusmarc |
|
| 852 |
_aNLR _j60-4/15948-31 |
||
| 942 | _cBOOK | ||
| 980 | _aNB | ||